Com Gertrudis educa els fills / Johann Heinrich Pestalozzi ; traducció de Jaume Tió ; introducció de Bernat Sureda
Descripción Física:
XLIII, 213 p. ; 19 cm
Colección:
Textos pedagògics ; 8
Materias:
Pedagogia
MARC
| LEADER | 00000nam a2200000Ia 4500 | ||
|---|---|---|---|
| 001 | 2261 | ||
| 008 | 160829s1986 xx 000 0 cat d | ||
| 080 | |a E-1-127 | ||
| 100 | |a Pestalozzi, Johann Heinrich |9 35400 | ||
| 245 | |a Com Gertrudis educa els fills / Johann Heinrich Pestalozzi ; traducció de Jaume Tió ; introducció de Bernat Sureda | ||
| 260 | |a Vic : |b Eumo , Barcelona : |b Diputació de Barcelona, |c 1986 | ||
| 300 | |a XLIII, 213 p. ; |c 19 cm | ||
| 490 | |a Textos pedagògics ; 8 | ||
| 650 | |a Pedagogia |9 35391 | ||
| 700 | 1 | |a Tió, Jaume, |d 1950- |e traductor |9 35398 | |
| 700 | |a Sureda, Bernat, pr. |9 35401 |e autor del pròleg | ||
| 710 | 1 | |a Barcelona (Catalunya : Província). |b Diputació |9 52408 | |
| 901 | |a Arxiu | ||
| 942 | |n 1 |2 udc | ||
| 952 | |0 0 |1 0 |4 0 |6 E1127 |7 1 |9 46882 |a Arxiu |b Arxiu |d 2016-12-01 |l 0 |o E-1-127 |p 2261 |r 2016-12-01 00:00:00 |w 2016-12-01 |y ARXIU | ||
| 999 | |c 50675 |d 50675 | ||